|
|
|
|
| LEADER |
00672nab a2200181 i 4500 |
| 001 |
acta27350 |
| 005 |
20210223140535.0 |
| 008 |
161017s1986 hu o 0|| hun d |
| 022 |
|
|
|a 1219-0039
|
| 040 |
|
|
|a SZTE Egyetemi Kiadványok Repozitórium
|b hun
|
| 041 |
|
|
|a hun
|
| 100 |
2 |
|
|a Borosné Kézy Zsuzsanna
|
| 245 |
1 |
0 |
|a Hogyan készültünk fel Molière
|h [elektronikus dokumentum] :
|b A mizantróp c. darabjának megtekintésére? /
|c Borosné Kézy Zsuzsanna
|
| 260 |
|
|
|c 1986
|
| 300 |
|
|
|a 227-230
|
| 490 |
0 |
|
|a Módszertani közlemények
|v 26 No. 4
|
| 695 |
|
|
|a Neveléstudomány
|
| 856 |
4 |
0 |
|u http://acta.bibl.u-szeged.hu/27350/1/modszertani_026_004_227-230.pdf
|z Dokumentum-elérés
|